书目信息 |
| 题名: |
老房子:皖南徽派民居 (下册)
|
|
| 作者: | 俞宏理 , 李玉祥 编 | |
| 分册: | ||
| 出版信息: | 南京 江苏美术出版社 1993.07 |
|
| 页数: | 424页 | |
| 开本: | 32开 | |
| 丛书名: | ||
| 单 册: | ||
| 中图分类: | TU-0928 | |
| 科图分类: | ||
| 主题词: | 建筑史 | |
| 电子资源: | ||
| ISBN: | 7-5344-0293-X | |
| 000 | 00619nam0 2200205 45 | |
| 001 | 0011211991 | |
| 005 | 20001121192640.9 | |
| 010 | @a7-5344-0293-X@d87.00元 | |
| 100 | @a20001121d1993 km y0chiy0120 ea | |
| 101 | 0 | @achi |
| 105 | @a z 000yy | |
| 200 | 1 | @a老房子:皖南徽派民居 (下册)@ALao Fang Zi:Wan Nan Hui Pai Min Ju (Xia Ce)@f俞宏理,李玉祥编@FYu Hong Li,Li Yu Xiang Bian |
| 210 | @a南京@c江苏美术出版社@d1993.07 | |
| 215 | @a424页@d32开 | |
| 606 | 0 | @a建筑史 |
| 690 | @aTU-0928@v3 | |
| 701 | 0 | @a俞宏理@4编 |
| 701 | 0 | @a李玉祥@4编 |
| 801 | @aCN@bPftUser@c20001121 | |
| 905 | @dTU-0928@eY449:2@b419991-995@f5 | |
| 老房子:皖南徽派民居 (下册)/俞宏理,李玉祥编.-南京:江苏美术出版社,1993.07 |
| 424页;32开 |
| ISBN 7-5344-0293-X:87.00元 |
| ● |
| 相关链接 |
|
|
|
正题名:老房子:皖南徽派民居(下册)
索取号:TU-0928/Y449:2
 
预约/预借
| 序号 | 登录号 | 条形码 | 馆藏地/架位号 | 状态 | 备注 |
| 1 | 419991 | 204199919 | 建筑库101/101建筑库 8排2列1层/ [索取号:TU-0928/Y449:2] | 在馆 | |
| 2 | 419992 | 204199928 | 建筑库101/101建筑库 8排2列1层/ [索取号:TU-0928/Y449:2] | 在馆 | |
| 3 | 419993 | 204199937 | 建筑与城市规划学院资料室/404自科库 7排5列1层/ [索取号:TU-0928/Y449:2] | 在馆 | |
| 4 | 419994 | 204199946 | 建筑库101/101建筑库 8排2列1层/ [索取号:TU-0928/Y449:2] | 在馆 | |
| 5 | 419995 | 204199955 | 建筑库101/ [索取号:TU-0928/Y449:2] | 在馆 | |
| 6 | 500117 | 205001175 | 建筑库101/101建筑库 8排2列1层/ [索取号:TU-0928/Y449:2] | 在馆 |